[Event "Women's Speed Chess Q5"]
[Site "chess.com INT"]
[Date "2020.06.22"]
[Round "3"]
[White "Franco Valencia, Angela"]
[Black "Kairbekova, Amina"]
[Result "0-1"]
[WhiteTitle "WIM"]
[BlackTitle "WFM"]
[WhiteElo "2089"]
[BlackElo "2065"]
[WhiteFideId "4403070"]
[BlackFideId "13712799"]
[EventDate "2020.06.22"]

1. e4 c5 2. Nf3 Nc6 3. d4 cxd4 4. Nxd4 g6 5. Nc3 Bg7 6. Nde2 Nf6 7. g3 O-O 8.
Bg2 d6 9. O-O a6 10. a4 h6 11. h3 Nd7 12. Re1 b6 13. Be3 Bb7 14. Nd4 Rc8 15. Nd5
Nce5 16. b3 Nf6 17. c4 Nxd5 18. exd5 Nd7 19. Rc1 Kh7 20. h4 h5 21. Be4 Kg8 22.
Qd2 Nc5 23. Bc2 Qd7 24. a5 bxa5 25. Qxa5 e6 26. b4 exd5 27. bxc5 dxc5 28. Nb3 d4
29. Nxc5 Qc6 30. Nxb7 dxe3 31. Qd5 exf2+ 32. Kxf2 Qb6+ 33. Kf1 Rc6 34. Na5 Rc5
35. Qf3 Rxa5 36. Kg2 Rc5 37. Bd3 Qc7 38. Re4 Rd8 39. Rce1 Rd7 40. Qe3 Kh7 41.
Qf3 a5 42. R4e2 a4 43. Ra2 Qd6 44. Rd1 Ra5 45. Bc2 Qc7 46. Qc3 Bxc3 47. Kh3 Rxd1
48. Bxd1 Qd7+ 49. Kg2 Qxd1 50. Rf2 a3 51. Rxf7+ Kg8 52. Rf1 a2 53. Rxd1 a1=Q 54.
Rxa1 Rxa1 55. Kf3 Rd1 56. Ke4 Rd4+ 57. Ke5 Rxc4+ 58. Ke6 Rc8 59. Kd7 Be1 60. Kd6
Bxg3+ 61. Kd7 Bxh4 0-1

[Event "Women's Speed Chess Q5"]
[Site "chess.com INT"]
[Date "2020.06.22"]
[Round "3"]
[White "Vifleemskaia, Svetlana"]
[Black "Yakimova, Mariya"]
[Result "0-1"]
[WhiteTitle "WFM"]
[BlackTitle "WFM"]
[WhiteElo "1943"]
[BlackElo "2269"]
[WhiteFideId "4129490"]
[BlackFideId "34188859"]
[EventDate "2020.06.22"]

1. d4 Nf6 2. c4 g6 3. Nc3 Bg7 4. e4 d6 5. Nge2 O-O 6. Ng3 c5 7. d5 e6 8. Be2
exd5 9. cxd5 a6 10. a4 Re8 11. O-O h5 12. Bg5 Qc7 13. f3 Nbd7 14. Qd2 Nh7 15.
Bh6 Bd4+ 16. Be3 h4 17. Nh1 Bg7 18. Bh6 Bh8 19. Nf2 c4 20. Rac1 Ne5 21. f4 Nd7
22. f5 Ne5 23. fxg6 fxg6 24. h3 Bd7 25. Ng4 Nxg4 26. Bxg4 Bxg4 27. hxg4 Bg7 28.
Bxg7 Qxg7 29. Qf4 Rad8 30. g5 Qe7 31. Qxh4 Qxg5 32. Qf4 Rf8 33. Qxg5 Nxg5 34.
Rxf8+ Rxf8 35. Rf1 Rxf1+ 36. Kxf1 Kf7 37. Kf2 Kf6 38. Ke3 Ke5 39. a5 Nf7 40. Ne2
Ng5 41. Nc3 Nf7 42. Ne2 Nh6 43. Kf3 g5 44. g4 Ng8 45. Ke3 Nf6 46. Kf3 Nxe4 47.
Ke3 Nf6 48. Ng3 Nxg4+ 49. Kf3 Nf6 50. Ne2 Nxd5 51. Kg4 Ne3+ 52. Kxg5 d5 53. Nc3
d4 54. Na4 d3 55. Nc3 d2 56. Kh4 d1=Q 57. Nxd1 Nxd1 0-1

[Event "Women's Speed Chess Q5"]
[Site "chess.com INT"]
[Date "2020.06.22"]
[Round "3"]
[White "Mamedjarova, Turkan"]
[Black "Danielian, Elina"]
[Result "1/2-1/2"]
[WhiteTitle "WGM"]
[BlackTitle "GM"]
[WhiteElo "2309"]
[BlackElo "2407"]
[WhiteFideId "13402005"]
[BlackFideId "13300210"]
[EventDate "2020.06.22"]

1. d4 Nf6 2. c4 e6 3. Nc3 Bb4 4. Qc2 d5 5. cxd5 exd5 6. Bg5 h6 7. Bxf6 Qxf6 8.
e3 c6 9. Nf3 O-O 10. Bd3 Bd6 11. h3 Re8 12. O-O-O Nd7 13. Rde1 Nb6 14. Kb1 Bb4
15. a3 Bxc3 16. Qxc3 Bf5 17. Qc2 Bxd3 18. Qxd3 Nc4 19. Re2 a5 20. Nd2 Nd6 21.
Rc1 a4 22. Ka1 Nf5 23. Nf3 Nd6 24. Ne5 Qe6 25. f3 f6 26. Ng6 Qf5 27. Qxf5 Nxf5
28. Rce1 Ng3 29. Rd2 Kf7 30. Nf4 g5 31. Nd3 Re7 32. Nc1 Rae8 33. Rd3 Nf5 34. b3
axb3 35. Rxb3 Nxd4 36. Rc3 Rxe3 37. Rexe3 Rxe3 38. Kb2 Rxc3 39. Kxc3 c5 40. a4
Ke6 41. a5 Kd6 42. Nd3 Nc6 43. g3 Nxa5 44. h4 d4+ 45. Kd2 c4 46. Nf2 Ke5 47.
Ng4+ Ke6 48. Nxh6 gxh4 49. gxh4 b5 50. f4 f5 51. Ng8 Kf7 52. Nh6+ Kg6 53. Ng8 b4
54. Ne7+ Kh5 55. Nxf5 d3 56. Nd6 b3 57. Kc3 Kg4 58. f5 Kh5 59. f6 Kg6 60. f7 Kg7
61. h5 Nc6 62. Nxc4 Kxf7 63. Kxd3 Ne7 64. Kc3 Kg7 65. Kxb3 Kh6 66. Kc3 Kxh5 1/2-1/2

[Event "Women's Speed Chess Q5"]
[Site "chess.com INT"]
[Date "2020.06.22"]
[Round "3"]
[White "Nurmanova, Alua"]
[Black "Sukandar, Irine Kharisma"]
[Result "0-1"]
[WhiteTitle "WFM"]
[BlackTitle "IM"]
[WhiteElo "2026"]
[BlackElo "2413"]
[WhiteFideId "13729390"]
[BlackFideId "7101937"]
[EventDate "2020.06.22"]

1. e4 c5 2. Nf3 Nc6 3. d4 cxd4 4. Nxd4 g6 5. Nc3 Bg7 6. Be3 Nf6 7. Nxc6 bxc6 8.
e5 Ng8 9. Bd4 Qa5 10. Bc4 Nh6 11. e6 f6 12. exd7+ Bxd7 13. O-O O-O-O 14. b4 Qc7
15. Ba6+ Kb8 16. Qe2 Bg4 17. Qc4 Bc8 18. b5 c5 19. Bxc5 Ng4 20. f4 Be6 21. Qb4
f5 22. b6 Qxc5+ 23. Qxc5 Bd4+ 24. Qxd4 Rxd4 25. bxa7+ Ka8 26. Nb5 Rd7 27. Rad1
Ne3 28. Rxd7 Bxd7 29. Re1 Nxc2 30. Rxe7 Rd8 31. Kf2 Nb4 32. Nc7+ Kxa7 33. Bc4
Kb7 34. Nb5 Kb6 35. Nc3 Bc6 36. a3 Nd3+ 37. Bxd3 Rxd3 38. Ne2 h6 39. Rg7 Rd6 40.
Rh7 h5 41. Rg7 Be4 42. Re7 Ka5 43. g3 Rd2 44. Ra7+ Kb6 45. Rd7 Rxd7 46. Ke3 Rd3+
47. Kf2 Rxa3 48. Ke1 Ra2 49. Kf2 Bd3 50. Ke3 Rxe2+ 51. Kd4 Rxh2 52. Kxd3 Rg2 53.
Kd4 Rxg3 54. Ke5 h4 55. Kf6 h3 56. Ke5 h2 0-1

[Event "Women's Speed Chess Q5"]
[Site "chess.com INT"]
[Date "2020.06.22"]
[Round "3"]
[White "Sviridova, Vlada"]
[Black "Starosta, Martyna"]
[Result "1-0"]
[WhiteTitle "WFM"]
[BlackTitle "WCM"]
[WhiteElo "2144"]
[BlackElo "2079"]
[WhiteFideId "24109606"]
[BlackFideId "21818754"]
[EventDate "2020.06.22"]

1. d4 Nf6 2. c4 g6 3. Nc3 Bg7 4. e4 d6 5. Nf3 O-O 6. Be2 e5 7. O-O Nc6 8. d5 Ne7
9. b4 a5 10. Ba3 axb4 11. Bxb4 Re8 12. a4 Bf8 13. c5 dxc5 14. Bxc5 Nexd5 15.
Bxf8 Nxc3 16. Qxd8 Nxe2+ 17. Kh1 Rxd8 18. Be7 Re8 19. Bxf6 Bd7 20. Rfe1 Nd4 21.
Nxd4 exd4 22. Bxd4 Rxa4 23. Rxa4 Bxa4 24. e5 b6 25. Ra1 Bb5 26. f4 Rd8 27. Be3
Rd3 28. Re1 Kg7 29. Kg1 c5 30. Kf2 c4 31. Rb1 Ba4 32. Rxb6 c3 33. Rb4 c2 34. Rc4
Rd1 35. Rxa4 c1=Q 36. Bxc1 Rxc1 37. Ra7 Rc2+ 38. Kf3 Rc3+ 39. Ke4 Rc4+ 40. Kf3
Rc3+ 41. Kg4 Re3 42. Re7 h5+ 43. Kh4 Kf8 44. Rd7 Re2 45. Kh3 Rf2 46. g3 Re2 47.
Ra7 Re3 48. Kh4 Re2 49. Kg5 Kg7 50. h3 Re3 51. g4 hxg4 52. hxg4 Re1 53. Re7 Re2
54. Rd7 Re1 55. Ra7 Re2 56. Re7 Re1 57. Rd7 Re2 58. Rc7 Re1 59. Re7 Re2 60. f5
gxf5 61. gxf5 Rg2+ 62. Kf4 Rf2+ 63. Ke4 Re2+ 64. Kf3 Re1 65. e6 Kg8 66. exf7+
Kf8 67. Rxe1 Kxf7 68. Kf4 Kf6 69. Ra1 Kf7 70. Ra6 Ke7 71. Ke5 Kf7 72. Ra7+ Kf8
73. Ke6 Ke8 74. Ra8# 1-0

[Event "Women's Speed Chess Q5"]
[Site "chess.com INT"]
[Date "2020.06.22"]
[Round "3"]
[White "Nandhidhaa, P V"]
[Black "Vantika, Agrawal"]
[Result "1/2-1/2"]
[WhiteTitle "WGM"]
[BlackTitle "WIM"]
[WhiteElo "2365"]
[BlackElo "2286"]
[WhiteFideId "5050847"]
[BlackFideId "25050389"]
[EventDate "2020.06.22"]

1. d4 Nf6 2. Bf4 d5 3. e3 c5 4. c3 Nc6 5. Nf3 Nh5 6. dxc5 Nxf4 7. exf4 g6 8.
Nbd2 Bg7 9. Be2 O-O 10. O-O Qc7 11. g3 d4 12. cxd4 Nxd4 13. Nxd4 Bxd4 14. Qc1
Qxc5 15. Qxc5 Bxc5 16. Rac1 Bd4 17. b3 Bh3 18. Rfd1 Rac8 19. Nc4 Rfd8 20. Rc2 b5
21. Ne3 Bxe3 22. Rxd8+ Rxd8 23. fxe3 b4 24. e4 Rd4 25. Bf3 a5 26. Kf2 Kg7 27.
Ke3 Rd7 28. Rc4 h5 29. Rd4 Ra7 30. Be2 Be6 31. Bb5 Bc8 32. Ba4 Bh3 33. Rc4 e6
34. Rc5 Kf6 35. Kd4 Kg7 36. Kc4 Bf1+ 37. Kd4 Ra8 38. Ke3 Rd8 39. Rxa5 Rd3+ 40.
Kf2 Bh3 41. Rb5 Rd2+ 42. Ke3 Rxh2 43. Rxb4 Rxa2 44. Rb7 Rg2 45. Be8 Rxg3+ 46.
Kd4 Kf8 47. Bxf7 Rf3 48. f5 gxf5 49. Bxe6 fxe4 50. Bxh3 Rxh3 51. Kxe4 h4 52. Kf4
Rh1 53. Kg4 h3 54. Kg3 h2 55. Kg2 Rb1 56. Kxh2 Ke8 57. Kg2 Kd8 58. Kf2 Kc8 59.
Rb4 Kc7 60. Ke3 Kc6 61. Kd4 Rd1+ 62. Kc4 Rh1 63. Rb8 Rh4+ 64. Kc3 Rh3+ 65. Kb2
Rh4 66. Ka3 Rg4 67. Rc8+ Kb7 68. Rc4 Rg5 69. Rb4+ Kc6 70. Rc4+ Kb6 71. Rb4+ Kc6
72. Rc4+ Kb6 73. Rb4+ Kc6 1/2-1/2

[Event "Women's Speed Chess Q5"]
[Site "chess.com INT"]
[Date "2020.06.22"]
[Round "3"]
[White "Mohota, Nisha"]
[Black "Dauletova, Gulmira"]
[Result "1/2-1/2"]
[WhiteTitle "IM"]
[BlackTitle "WIM"]
[WhiteElo "2195"]
[BlackElo "2319"]
[WhiteFideId "5004330"]
[BlackFideId "13702971"]
[EventDate "2020.06.22"]

1. Nf3 d5 2. g3 c6 3. Bg2 Bg4 4. O-O Nd7 5. h3 Bh5 6. d4 Ngf6 7. Ne5 e6 8. c4
Be7 9. cxd5 Nxd5 10. Nd3 f5 11. Nc3 O-O 12. Nxd5 exd5 13. Nf4 Bf7 14. Qb3 Qb6
15. Qd3 g6 16. h4 Nf6 17. a3 a5 18. Nh3 Ne4 19. Bh6 Rfe8 20. Rab1 Bf6 21. e3 a4
22. Kh2 Qb3 23. Qxb3 axb3 24. Rbd1 Ra6 25. Rd3 Rb6 26. Rc1 Nd6 27. Bg5 Bxg5 28.
Nxg5 Nc4 29. Rb1 Ra8 30. Rc3 h6 31. Nxf7 Kxf7 32. Bf1 Nd2 33. Rd1 Ne4 34. Rcc1
Nxf2 35. Re1 Ng4+ 36. Kg1 Re8 37. Rc3 Kf6 38. Bh3 h5 39. Bxg4 hxg4 40. Kf2 Rb5
41. Rd1 g5 42. hxg5+ Kxg5 43. Rdd3 Rh8 44. Kg2 Ra5 45. Rxb3 Rh7 46. Rb6 Ra8 47.
Rdb3 Ra7 48. R3b4 Re7 49. Rb3 Kf6 50. Kf2 Ke6 51. a4 Rh7 52. Kg2 Kd6 53. a5 Kc7
54. a6 bxa6 55. Rb8 Rf7 56. Rh8 a5 57. Rbb8 a4 58. Rhc8+ Kd6 59. Rb6 Rfc7 60.
Rd8+ Rd7 61. Rf8 Rf7 62. Rd8+ Rfd7 63. Rf8 Rf7 64. Rd8+ Rfd7 1/2-1/2

[Event "Women's Speed Chess Q5"]
[Site "chess.com INT"]
[Date "2020.06.22"]
[Round "3"]
[White "Chitlange, Sakshi"]
[Black "Grigoryan, Meri"]
[Result "0-1"]
[WhiteTitle "WIM"]
[BlackTitle "WFM"]
[WhiteElo "2167"]
[BlackElo "2044"]
[WhiteFideId "35002899"]
[BlackFideId "13300571"]
[EventDate "2020.06.22"]

1. d4 d5 2. c4 e5 3. dxe5 d4 4. Nf3 Nc6 5. Bf4 Nge7 6. a3 Ng6 7. Bg3 a5 8. Nbd2
Bg4 9. h3 Bxf3 10. Nxf3 Bc5 11. Bh2 O-O 12. g4 Re8 13. Bg2 Ngxe5 14. Nxe5 Nxe5
15. O-O Qh4 16. Bg3 Qf6 17. Qc2 c6 18. Rad1 Rad8 19. Be4 g6 20. Kh1 Qe7 21. Bg2
Nd7 22. Rfe1 Nf6 23. Bh4 Rd7 24. Qd3 Qe6 25. Rb1 Ne4 26. b4 axb4 27. axb4 Ba7
28. c5 Bb8 29. Bxe4 Qxe4+ 30. Qxe4 Rxe4 31. Rbd1 Kg7 32. Rd3 f6 33. Kg2 Rde7 34.
Red1 Rxe2 35. Rxd4 Rb2 36. Rd7 Kf7 37. Rxe7+ Kxe7 38. Re1+ Be5 39. Re4 Ke6 40.
Kf1 f5 41. gxf5+ gxf5 42. Re1 Rxb4 43. Bg3 f4 44. Bh4 Kf5 45. Kg2 Rb2 46. Kf3
Rb3+ 47. Kg2 b5 48. cxb6 Rxb6 49. Rc1 h5 50. Rc5 Rb2 51. Be7 Ke4 52. Bf8 Bd4 53.
Rxc6 Rxf2+ 54. Kh1 Rf1+ 55. Kg2 Rf2+ 56. Kh1 f3 57. Re6+ Kf5 58. Rd6 Be3 59.
Rd5+ Ke4 60. Rd8 Rf1+ 61. Kh2 Bg1+ 62. Kh1 Bc5+ 63. Kh2 Bg1+ 64. Kh1 Bb6+ 65.
Kh2 Bxd8 66. Bc5 Bc7+ 0-1

[Event "Women's Speed Chess Q5"]
[Site "chess.com INT"]
[Date "2020.06.22"]
[Round "3"]
[White "Smietanska, Wiktoria"]
[Black "Kazarian, Anna-Maja"]
[Result "0-1"]
[WhiteTitle "CM"]
[BlackTitle "FM"]
[WhiteElo "1593"]
[BlackElo "2096"]
[WhiteFideId "21869359"]
[BlackFideId "1033689"]
[EventDate "2020.06.22"]

1. c4 e5 2. Nc3 Nf6 3. Nf3 Nc6 4. e4 d6 5. d4 exd4 6. Nxd4 g6 7. Be2 Bg7 8. Be3
O-O 9. O-O Nxd4 10. Bxd4 Bd7 11. Qd2 Bc6 12. f3 Nd7 13. Nd5 Bxd4+ 14. Qxd4 Bxd5
15. exd5 Qf6 16. Qxf6 Nxf6 17. Rae1 Rfe8 18. Bd3 Nd7 19. f4 Nc5 20. Bc2 f5 21.
b4 Na6 22. a3 Kf7 23. Ba4 Rxe1 24. Rxe1 Rf8 25. Kf2 Nb8 26. Ke3 c6 27. Kd4 Re8
28. Rxe8 Kxe8 29. dxc6 bxc6 30. b5 Kd7 31. bxc6+ Kc7 32. Kd5 Na6 33. g3 Nc5 34.
Bc2 a6 35. a4 a5 36. Bd1 Ne4 37. Bc2 Nc3+ 38. Kd4 Ne2+ 39. Ke3 Nc1 40. Kd4 Kxc6
41. Bd1 Na2 42. Bf3+ Kc7 43. Bd5 Nb4 44. c5 dxc5+ 45. Kxc5 Nd3+ 46. Kb5 Nf2 47.
Kxa5 Ng4 48. h3 Nf2 49. Bg2 Nd1 50. Kb5 Ne3 51. Bf3 Nf1 52. Bg2 Nxg3 53. h4 Ne2
54. a5 Nxf4 55. Bf3 Ne6 56. a6 Kb8 57. Kb6 Nc7 58. a7+ Kc8 59. a8=Q+ Nxa8+ 60.
Bxa8 h6 61. Bf3 g5 62. h5 Kd7 63. Kc5 Ke6 64. Kd4 Kf6 65. Bg2 g4 66. Ke3 Kg5 67.
Bf1 f4+ 68. Kf2 Kxh5 69. Bg2 Kh4 70. Bf1 h5 71. Bg2 Kg5 72. Be4 h4 73. Kg2 h3+
74. Kh2 Kh4 75. Bd3 g3+ 76. Kg1 f3 77. Be4 Kg4 78. Kf1 h2 79. Bd5 h1=Q# 0-1

[Event "Women's Speed Chess Q5"]
[Site "chess.com INT"]
[Date "2020.06.22"]
[Round "3"]
[White "Hoang, Thi Bao Tram"]
[Black "Haussernot, Cecile"]
[Result "1-0"]
[WhiteTitle "WGM"]
[BlackTitle "WIM"]
[WhiteElo "2288"]
[BlackElo "2171"]
[WhiteFideId "12401102"]
[BlackFideId "601632"]
[EventDate "2020.06.22"]

1. d4 Nf6 2. c3 e6 3. Bg5 d5 4. Nd2 Be7 5. e3 O-O 6. Bd3 c5 7. Ngf3 Nc6 8. O-O
Qc7 9. Bh4 e5 10. dxe5 Nxe5 11. Nxe5 Qxe5 12. Bg3 Qe6 13. h3 b6 14. a4 a6 15.
Qe2 Bb7 16. Rad1 Rfd8 17. Bc2 Bd6 18. Bxd6 Rxd6 19. Nf3 Rad8 20. Bd3 Qc8 21. Nd2
Qc6 22. Bxa6 Bxa6 23. Qxa6 Ra8 24. Qe2 Rxa4 25. Nf3 Ne4 26. Qc2 Ra8 27. Nd2 Ng5
28. Qf5 Rg6 29. Nf3 Nxf3+ 30. Qxf3 Rd8 31. Rd2 Rf6 32. Qh5 Rh6 33. Qg5 Rhd6 34.
Rfd1 Qd7 35. Qf4 Rf6 36. Qe5 Rd6 37. e4 f6 38. Qg3 d4 39. cxd4 cxd4 40. e5 fxe5
41. Qxe5 Re6 42. Qg5 Rd6 43. Rd3 Qa4 44. R1d2 Qa1+ 45. Kh2 Qc1 46. Rg3 Qc7 47.
Rdd3 Rg6 48. Qf5 Rxg3 49. fxg3 Rf8 50. Qe6+ Kh8 51. Rxd4 Qc2 52. Qxb6 h6 53. Rd7
Qe2 54. Qb7 Rg8 55. Rc7 Qe6 56. b4 h5 57. b5 Qd6 58. Qc6 Qe5 59. Qc5 Re8 60.
Qxe5 Rxe5 61. b6 Rb5 62. b7 Kh7 63. Kg1 Rb3 64. Kf2 Rb2+ 65. Kf3 Rb3+ 66. Kf4
Kg6 67. Ke5 Kg5 68. Rxg7+ Kh6 69. Rc7 Rb6 70. Kd5 Kg5 71. Kc5 Rb1 72. Kc6 Rc1+
73. Kd7 Rd1+ 74. Kc8 Rb1 75. b8=Q Rxb8+ 76. Kxb8 h4 77. gxh4+ Kxh4 78. Rg7 Kh5
79. Kc7 Kh4 80. Rg4+ Kh5 81. Kd6 Kh6 82. Ke6 Kh5 83. Kf6 Kh6 84. Rh4# 1-0

[Event "Women's Speed Chess Q5"]
[Site "chess.com INT"]
[Date "2020.06.22"]
[Round "3"]
[White "Nguyen, Thi Thanh An"]
[Black "Papp, Petra"]
[Result "1-0"]
[WhiteTitle "WGM"]
[BlackTitle "WGM"]
[WhiteElo "2285"]
[BlackElo "2338"]
[WhiteFideId "12400300"]
[BlackFideId "739049"]
[EventDate "2020.06.22"]

1. d4 f5 2. g3 Nf6 3. Bg2 g6 4. c3 Bg7 5. Nd2 O-O 6. Qb3+ e6 7. Bxb7 Bxb7 8.
Qxb7 Nc6 9. Qb3 Kh8 10. Ngf3 Ne4 11. Nxe4 fxe4 12. Ng5 d5 13. Nxe6 Qd7 14. Nxf8
Rxf8 15. Be3 Na5 16. Qc2 Nc4 17. Bf4 Qf5 18. b3 g5 19. bxc4 gxf4 20. gxf4 Qxf4
21. e3 Qf3 22. Rf1 dxc4 23. Qe2 Qf7 24. Rb1 c5 25. Qg4 cxd4 26. cxd4 c3 27. Qe2
Rc8 28. Rc1 Bf8 29. Rg1 Bg7 30. Qg4 Rf8 31. Rc2 Qb7 32. Qd1 Qb4 33. Rg4 Qb8 34.
Rg2 Qc7 35. Qg4 Qe7 36. Qxg7+ Qxg7 37. Rxg7 Kxg7 38. Rxc3 Rf7 39. Rc5 Rb7 40.
Ra5 Kf6 41. Kf1 h5 42. Kg2 Rg7+ 43. Kh3 Ke6 44. Rxh5 Kd6 45. Ra5 Ke6 46. Kh4 Rg2
47. h3 Rxf2 48. Re5+ Kd6 49. Rxe4 Rxa2 50. Re5 Ra3 51. Kg5 a5 52. h4 a4 53. h5
Ra1 54. Ra5 a3 55. h6 Rg1+ 56. Kf6 Rf1+ 57. Kg7 Rg1+ 58. Kf6 Rf1+ 59. Kg7 Rg1+
60. Kh7 Ra1 61. Kh8 a2 62. h7 Ke7 63. Kg7 Rg1+ 64. Kh6 Rh1+ 65. Kg6 Rg1+ 66. Kf5
Rf1+ 67. Ke4 Rh1 68. Rxa2 Kd6 69. Ra7 Rh4+ 70. Kd3 Rh1 71. e4 Rh3+ 72. Kc4 Rh4
73. e5+ Kc6 74. Rf7 Rh5 75. e6 Kd6 76. d5 Rh4+ 77. Kd3 Rh3+ 78. Ke4 Rh4+ 79. Kf5
Rh5+ 80. Kg6 Rh1 81. e7 Kd7 82. Kg7 Rg1+ 83. Kf8 Rh1 84. e8=Q+ Kd6 85. Qe6+ Kc5
86. Qc6+ Kd4 87. Rf4+ Ke3 88. d6 Rd1 89. Qf3+ Kd2 90. Qxd1+ Kxd1 91. d7 1-0

[Event "Women's Speed Chess Q5"]
[Site "chess.com INT"]
[Date "2020.06.22"]
[Round "3"]
[White "Vargas, Gabriela"]
[Black "Antolak, Julia"]
[Result "1-0"]
[WhiteTitle "WIM"]
[BlackTitle "WIM"]
[WhiteElo "2170"]
[BlackElo "2323"]
[WhiteFideId "3700860"]
[BlackFideId "1159569"]
[EventDate "2020.06.22"]

1. d4 Nf6 2. Nf3 g6 3. Bg5 Bg7 4. Nbd2 d5 5. c3 O-O 6. e3 b6 7. Bd3 Bb7 8. O-O
c5 9. a4 a6 10. b4 Nbd7 11. Rb1 Bc6 12. bxc5 bxc5 13. Qe2 c4 14. Bc2 Qa5 15. Rb4
Rfe8 16. e4 dxe4 17. Nxe4 Rac8 18. Nxf6+ Nxf6 19. Ne5 Bd5 20. Be3 e6 21. Nxc4
Bxc4 22. Rxc4 Nd5 23. Rxc8 Rxc8 24. c4 Nb6 25. c5 Nd5 26. h3 Qc3 27. Qd3 Qa5 28.
Rb1 Qc7 29. Qxa6 Rd8 30. Qb7 Qxb7 31. Rxb7 Nc3 32. a5 Ra8 33. c6 Nd5 34. c7 Rc8
35. a6 Nxc7 36. a7 Na8 37. Rb8 Rf8 38. Rxf8+ Bxf8 39. Be4 Nc7 40. a8=Q Nxa8 41.
Bxa8 Kg7 42. Be4 f6 43. Bc2 Kf7 44. Bb3 Bd6 45. Kf1 Ke7 46. Ke2 Bc7 47. Kd3 f5
48. d5 exd5 49. Bxd5 Kf6 50. Bg8 Kg7 51. Bc4 h6 52. Bd4+ Kh7 53. f3 Bd8 54. Be6
Bc7 55. Kc4 Bd8 56. Kd5 Bc7 57. Kc6 Bf4 58. Kd7 Bg3 59. Ke8 Bf4 60. Bf6 Bd6 61.
Be7 Be5 62. Kf8 Bd4 63. Bg8+ Kh8 64. Bf7 Kh7 65. Ke8 Be5 66. Bf8 Bd4 67. g4 fxg4
68. fxg4 Be5 69. Kd7 Bd4 70. Ke6 Bc3 71. Be7 Bb2 72. Bf6 Bc1 73. Kd7 Bf4 74. Ke7
Bc1 75. Kf8 Ba3+ 76. Be7 Bb2 77. h4 Bc1 78. Bg8+ Kh8 79. g5 Bb2 80. Bf6+ Bxf6
81. gxf6 g5 82. Ke7 gxh4 83. Be6 h3 84. Bxh3 h5 85. f7 1-0

[Event "Women's Speed Chess Q5"]
[Site "chess.com INT"]
[Date "2020.06.22"]
[Round "3"]
[White "Morris-Suzuki, Sophie"]
[Black "Priyanka, K"]
[Result "1-0"]
[WhiteTitle "WFM"]
[BlackTitle "WIM"]
[WhiteElo "2043"]
[BlackElo "2218"]
[WhiteFideId "30922615"]
[BlackFideId "5082986"]
[EventDate "2020.06.22"]

1. e4 c5 2. Nf3 d6 3. d4 cxd4 4. Nxd4 Nf6 5. Nc3 a6 6. Bc4 e6 7. Bb3 Nbd7 8. f4
Nc5 9. e5 dxe5 10. fxe5 Nxb3 11. axb3 Bc5 12. Be3 Nd5 13. Nxd5 Qxd5 14. O-O Qxe5
15. Re1 O-O 16. Kh1 b5 17. Qf3 Qd5 18. Qxd5 exd5 19. Nc6 Bd6 20. Bd4 Be6 21. Na5
Rfc8 22. c3 b4 23. Re3 bxc3 24. bxc3 Rab8 25. b4 h6 26. Nb3 Rc6 27. Bc5 Bxc5 28.
Nxc5 Rbb6 29. Rd3 Kf8 30. Rd4 Ke7 31. h3 Rd6 32. Kh2 Kd8 33. Kg3 Kc7 34. Rf1
Rbc6 35. Kf4 Kb6 36. Ra1 Kc7 37. g4 Rb6 38. h4 Rbc6 39. Ke5 f6+ 40. Kf4 Bf7 41.
h5 Bg8 42. Kg3 Rxc5 43. bxc5 Rc6 44. Ra5 Kd7 45. Rda4 Be6 46. Rxa6 Rxc5 47. Ra7+
Kd6 48. R4a6+ Ke5 49. Re7 Rxc3+ 50. Kh4 Kf4 51. Rexe6 Rc1 52. Kh3 Rc3+ 53. Kg2
Rc2+ 54. Kf1 Rc1+ 55. Ke2 Kxg4 56. Red6 Kxh5 57. Rxd5+ g5 58. Rxf6 Rh1 59. Rdd6
Kg4 60. Rxh6 Rg1 61. Rd4+ Kf5 62. Rh5 Rg2+ 63. Kf3 Ra2 64. Rh3 Ra3+ 65. Kg2 Ra2+
66. Kh1 Ra1+ 67. Kh2 Ra2+ 68. Kg1 Ra1+ 69. Kf2 Ra2+ 70. Ke1 Ra1+ 71. Ke2 Ra2+
72. Rd2 Rxd2+ 73. Kxd2 g4 74. Rh1 g3 75. Ke2 Kg4 76. Kf1 Kf3 77. Rg1 g2+ 78.
Rxg2 Ke3 79. Ke1 Kf3 80. Rf2+ Ke3 81. Kf1 Kd3 82. Kg2 Kd4 83. Kf3 Kd3 84. Re2
Kd4 85. Kf2 Kd3 86. Re3+ Kd4 87. Kf3 Kd5 88. Re4 Kd6 89. Kf4 Kd5 90. Kf5 Kd6 91.
Re5 Kd7 92. Re6 Kd8 93. Kf6 Kd7 94. Kf7 Kc7 95. Ke7 Kc8 96. Rd6 Kc7 97. Ke6 Kb7
98. Kd5 Kc7 99. Kc5 Kb7 100. Rc6 Kb8 101. Kb6 Ka8 102. Rc8# 1-0

[Event "Women's Speed Chess Q5"]
[Site "chess.com INT"]
[Date "2020.06.22"]
[Round "4"]
[White "Martynkova, Olena"]
[Black "Vidyarthi, Omya"]
[Result "1-0"]
[WhiteTitle "WIM"]
[BlackTitle "WCM"]
[WhiteElo "2222"]
[BlackElo "1709"]
[WhiteFideId "14134039"]
[BlackFideId "30931665"]
[EventDate "2020.06.22"]

1. d4 d5 2. c4 c6 3. Nf3 Nf6 4. Nc3 dxc4 5. a4 Bf5 6. e3 e6 7. Bxc4 Bb4 8. O-O
O-O 9. Qe2 Nbd7 10. e4 Bg6 11. Bd3 Re8 12. e5 Nd5 13. Nxd5 cxd5 14. Bxg6 hxg6
15. Be3 Be7 16. g3 Nb8 17. h4 Nc6 18. Kg2 f6 19. exf6 gxf6 20. Rh1 Kf7 21. h5
gxh5 22. Ng5+ fxg5 23. Qxh5+ Kf6 24. Qxg5+ Kf7 25. Rh7+ 1-0

[Event "Women's Speed Chess Q5"]
[Site "chess.com INT"]
[Date "2020.06.22"]
[Round "4"]
[White "Tereladze, Sopiko"]
[Black "Nikoladze, Sopio"]
[Result "1/2-1/2"]
[WhiteTitle "WIM"]
[BlackTitle "WIM"]
[WhiteElo "2141"]
[BlackElo "2132"]
[WhiteFideId "13600486"]
[BlackFideId "13600427"]
[EventDate "2020.06.22"]

1. d4 b5 2. e4 Bb7 3. Bd3 e6 4. Nd2 a6 5. Ngf3 c5 6. c3 d5 7. O-O Nf6 8. e5 Nfd7
9. Qe2 Nc6 10. b3 Qb6 11. Bb2 h6 1/2-1/2

[Event "Women's Speed Chess Q5"]
[Site "chess.com INT"]
[Date "2020.06.22"]
[Round "4"]
[White "Dauletova, Gulmira"]
[Black "Bommini, Mounika Akshaya"]
[Result "1-0"]
[WhiteTitle "WIM"]
[BlackTitle "WFM"]
[WhiteElo "2319"]
[BlackElo "2029"]
[WhiteFideId "13702971"]
[BlackFideId "25019872"]
[EventDate "2020.06.22"]

1. e4 c5 2. Nf3 d6 3. d4 cxd4 4. Nxd4 Nf6 5. Nc3 a6 6. g3 e5 7. Nde2 h5 8. h3 h4
9. g4 b5 10. Nd5 Nxe4 11. Bg2 f5 12. gxf5 Bxf5 13. Be3 Nc6 14. Bb6 Qg5 15. Rg1 1-0

[Event "Women's Speed Chess Q5"]
[Site "chess.com INT"]
[Date "2020.06.22"]
[Round "4"]
[White "Cyfka, Karina"]
[Black "Sapale, Saloni"]
[Result "1-0"]
[WhiteTitle "IM"]
[BlackTitle "WIM"]
[WhiteElo "2411"]
[BlackElo "2147"]
[WhiteFideId "1122681"]
[BlackFideId "5085527"]
[EventDate "2020.06.22"]

1. d4 Nf6 2. c4 g6 3. Nc3 d5 4. Qb3 dxc4 5. Qxc4 Bg7 6. e4 Nc6 7. Nf3 O-O 8. Be2
Bg4 9. Be3 Nd7 10. O-O-O Nb6 11. Qd3 f5 12. h3 fxe4 13. Nxe4 Bf5 14. g4 Nb4 15.
Qb3+ Qd5 16. Qxd5+ N6xd5 17. gxf5 Nxa2+ 18. Kb1 Nab4 19. fxg6 hxg6 20. Ne5 Nf4
21. Bc4+ Kh7 22. Ng5+ 1-0

[Event "Women's Speed Chess Q5"]
[Site "chess.com INT"]
[Date "2020.06.22"]
[Round "4"]
[White "Tokhirjonova, Gulrukhbegim"]
[Black "Kiran, Manisha Mohanty"]
[Result "1-0"]
[WhiteTitle "WGM"]
[BlackTitle "WGM"]
[WhiteElo "2378"]
[BlackElo "2168"]
[WhiteFideId "14203626"]
[BlackFideId "5019575"]
[EventDate "2020.06.22"]

1. Nf3 Nf6 2. g3 g6 3. Bg2 Bg7 4. O-O O-O 5. d4 d5 6. c3 Ne4 7. Nbd2 a5 8. a4
Nd7 9. Nxe4 dxe4 10. Nd2 f5 11. Nc4 e5 12. Be3 c6 13. Qb3 Kh8 14. Rad1 f4 15.
Bc1 f3 16. exf3 exf3 17. Bh1 exd4 18. cxd4 Nf6 19. Bxf3 Be6 20. Bg2 b5 21. axb5
cxb5 22. Qxb5 Rb8 23. Qa6 Nd5 24. Qxe6 1-0